مدخل Personal Name
001 - CONTROL NUMBER
- control field: 10616
003 - CONTROL NUMBER IDENTIFIER
- control field: DLC
005 - DATE AND TIME OF LATEST TRANSACTION
- control field: 20260218120050.0
008 - FIXED-LENGTH DATA ELEMENTS
- fixed length control field: 860418n| azannaabn |b aaa
010 ## - LIBRARY OF CONGRESS CONTROL NUMBER
- LC control number: n 85271566
035 ## - SYSTEM CONTROL NUMBER
- System control number: (OCoLC)oca01565804
040 ## - CATALOGING SOURCE
- Original cataloging agency: DLC
- Language of cataloging: eng
- Description conventions: rda
- Transcribing agency: DLC
- Modifying agency: DLC
- Modifying agency: OCoLC
- Modifying agency: DLC
046 ## - SPECIAL CODED DATES
- Birth date: [1058,1059]
- Death date: 1139
- Source of date scheme: edtf
053 #0 - LC CLASSIFICATION NUMBER
- Classification number element-single number or beginning number of span: PJ7755.I22
100 1# - HEADING--PERSONAL NAME
- Personal name: ابن خفاجة، إبراهيم بن أبي الفتح،
- Dates associated with a name: 1058 or 1059-1139
400 1# - SEE FROM TRACING--PERSONAL NAME
- Personal name: Ibn Ḫafāğa,
- Dates associated with a name: 1058 or 1059-1139
400 1# - SEE FROM TRACING--PERSONAL NAME
- Personal name: Ibn Jafāya,
- Dates associated with a name: 1058 or 1059-1139
400 1# - SEE FROM TRACING--PERSONAL NAME
- Personal name: Ibn Khafadja,
- Dates associated with a name: 1058 or 1059-1139
400 1# - SEE FROM TRACING--PERSONAL NAME
- Personal name: Ibn Khafāja,
- Dates associated with a name: 1058 or 1059-1139
400 1# - SEE FROM TRACING--PERSONAL NAME
- Personal name: Ibn Khafājah, Abū Isḥāq Ibrāhīm ibn Abī al-Fatḥ ibn ʻAbd Allāh,
- Dates associated with a name: 1058 or 1059-1139
400 1# - SEE FROM TRACING--PERSONAL NAME
- Personal name: Ibn Khafājah al-Andalusī, Ibrāhīm ibn Abī al-Fatḥ,
- Dates associated with a name: 1058 or 1059-1139
400 1# - SEE FROM TRACING--PERSONAL NAME
- Control subfield: nnaa
- Personal name: Ibn Khafājah al-Andalusī, Ibrāhīm ibn Abī al-Fatḥ,
- Dates associated with a name: 1058 or 9-1138 or 9
400 1# - SEE FROM TRACING--PERSONAL NAME
- Control subfield: nnea
- Personal name: Ibn Khafājah, Ibrāhīm ibn Abī al-Fatḥ,
- Dates associated with a name: 1058 or 9-1139
400 1# - SEE FROM TRACING--PERSONAL NAME
- Personal name: إبن خفاجة، إبراهيم بن أبي الفتح،
- Dates associated with a name: 1058 or 1059-1139
400 1# - SEE FROM TRACING--PERSONAL NAME
- Personal name: ابن خفاجة، ابراهيم بن أبي الفتح
400 1# - SEE FROM TRACING--PERSONAL NAME
- Personal name: ابن خفاجة، ابراهيم بن ابي الفتح،
- Dates associated with a name: 1058 او 9-1139
500 ## - SEE ALSO FROM TRACING--PERSONAL NAME
- Personal name: Ibn Khafājah, Ibrāhīm ibn Abī al-Fatḥ,
- Dates associated with a name: 1058 or 1059-1139
670 ## - SOURCE DATA FOUND
- Source citation: Hadjadji, H. Vie et œuvre du poête andalou Ibn Khafadja, c1982.
670 ## - SOURCE DATA FOUND
- Source citation: LC manual auth. cd.
- Information found: (hdg.: Ibn Khafājah al-Andalusī, Ibrāhīm ibn Abī al-Fatḥ, 1058 or 9-1138 or 9)
670 ## - SOURCE DATA FOUND
- Source citation: Enc. Brit.
- Information found: (Ibn Khafājah, d. 1139, Andalusian Muslim poet)
670 ## - SOURCE DATA FOUND
- Source citation: Dāʼirat al-maʻārif
- Information found: (Ibn Khafājah; Abū Isḥāq Ibrāhīm ibn Abī al-Fatḥ ibn ʻAbd Allāh ibn Khafājah; b. 450/1058; d. Shawwāl 533/1139)
670 ## - SOURCE DATA FOUND
- Source citation: His Antología poética, 1986:
- Information found: t.p. (Ibn Jafāya)
670 ## - SOURCE DATA FOUND
- Source citation: La poésie andalouse du XIe siècle, c2011:
- Information found: t.p. (Ibn Ḫafāğa)
905 ## - cataloger
- cataloger: Auth_BKS